| 000 | 00534nam a2200205Ia 4500 | ||
|---|---|---|---|
| 005 | 20251118134130.0 | ||
| 008 | 230125s9999 xx 000 0 und d | ||
| 020 | _a81-7223-499-6 | ||
| 041 | _aeng | ||
| 082 |
_a158.1 _bBLA/JOH |
||
| 100 |
_aBlanchard K _9215025 |
||
| 245 | _aOne minute managers | ||
| 260 |
_c1997 _bHarper Collins Publishers _aNew Delhi |
||
| 300 | _a111p | ||
| 500 | _aPersonality Development, | ||
| 650 |
_aManagement _9213067 |
||
| 700 |
_aBlanchard K & Johnson S _9215026 |
||
| 906 | _b10 | ||
| 942 | _cBK | ||
| 999 |
_c88730 _d88730 |
||